[Event "Moscow op-B (Women)"]
[Site "Moscow"]
[Date "2016.02.05"]
[Round "7"]
[White "Stepovaia, Tatiana"]
[Black "Budnikova, Varvara"]
[Result "1-0"]
[WhiteElo "2351"]
[BlackElo "1850"]
[PlyCount "111"]
[EventDate "2016.01.30"]
[EventType "swiss"]
[EventRounds "9"]
[EventCountry "RUS"]
[SourceTitle "CBM 170 Extra"]
[Source "ChessBase"]
[SourceDate "2016.02.25"]
[SourceVersion "1"]
[SourceVersionDate "2016.02.25"]
[SourceQuality "1"]

1. e4 e6 2. d3 d5 3. Qe2 Be7 4. Nf3 c5 5. g3 Nc6 6. Bg2 Nf6 7. 0-0 0-0 8. Re1 Re8 9. e5 Nd7 10. c4 Ndb8 11. Nc3 a6 12. h4 Nd4 13. Qd1 dxc4 14. dxc4 Nbc6 15. Bf4 Rb8 16. Ne4 b5 17. cxb5 Rxb5 18. b3 Nxf3+ 19. Qxf3 Nd4 20. Qd3 Bb7 21. Rad1 Qa5 22. Qd2 Bxe4 23. Bxe4 Qxd2 24. Rxd2 Rb4 25. Bg2 a5 26. Rd3 Nc2 27. Rc1 Rd4 28. Rxd4 Nxd4 29. Kf1 Rd8 30. Ke1 h6 31. Bd2 Rd7 32. Rc4 Ra7 33. Be4 Kf8 34. h5 Ke8 35. g4 Bf8 36. Ra4 f5 37. exf6 gxf6 38. Rxa5 Rxa5 39. Bxa5 f5 40. gxf5 exf5 41. Bd3 Ke7 42. Bc4 Kf6 43. Bc7 Ke7 44. a4 Kd7 45. Bf4 Kc6 46. Kd2 Kb6 47. Kd3 Bg7 48. Be3 Ka5 49. Bd2+ Kb6 50. a5+ Kb7 51. Be3 Nc6 52. Bd5 Kc7 53. Bxc6 Kxc6 54. Kc4 Bf8 55. a6 Kb6 56. a7 1-0

[Event "Moscow op-B (Women)"]
[Site "Moscow"]
[Date "2016.02.03"]
[Round "5"]
[White "Rassokhina, Ekaterina"]
[Black "Stepovaia, Tatiana"]
[Result "0-1"]
[WhiteElo "2030"]
[BlackElo "2351"]
[PlyCount "84"]
[EventDate "2016.01.30"]
[EventType "swiss"]
[EventRounds "9"]
[EventCountry "RUS"]
[SourceTitle "CBM 170 Extra"]
[Source "ChessBase"]
[SourceDate "2016.02.25"]
[SourceVersion "1"]
[SourceVersionDate "2016.02.25"]
[SourceQuality "1"]

1. d4 d5 2. c4 e6 3. Nc3 c6 4. e3 f5 5. Nf3 Nf6 6. Bd3 Bd6 7. c5 Bc7 8. Ne5 Bxe5 9. dxe5 Nfd7 10. b4 Nxe5 11. Bb2 Nbd7 12. Ne2 0-0 13. f4 Nxd3+ 14. Qxd3 a5 15. Nd4 Qe8 16. g4 axb4 17. Rg1 Nxc5 18. Qc2 Na4 19. gxf5 Nxb2 20. Nxe6 Bxe6 21. Qxb2 Rf7 22. fxe6 Qxe6 23. 0-0-0 Qxe3+ 24. Kb1 Qc3 25. Rd4 Qxb2+ 26. Kxb2 Re8 27. Rg2 Re4 28. Rxe4 dxe4 29. Kb3 Rxf4 30. Kxb4 e3+ 31. Kc5 Rf2 32. Rg3 Rxa2 33. Rxe3 Rxh2 34. Rb3 Rh5+ 35. Kd6 Rb5 36. Rf3 h5 37. Ke6 Kh7 38. Kf7 Kh6 39. Kg8 h4 40. Rf7 g5 41. Rf6+ Kh5 42. Kg7 h3 0-1

[Event "Moscow op-B (Women)"]
[Site "Moscow"]
[Date "2016.01.31"]
[Round "2"]
[White "Khalaji, Hanieh"]
[Black "Stepovaia, Tatiana"]
[Result "0-1"]
[WhiteElo "2134"]
[BlackElo "2351"]
[PlyCount "130"]
[EventDate "2016.01.30"]
[EventType "swiss"]
[EventRounds "9"]
[EventCountry "RUS"]
[SourceTitle "CBM 170 Extra"]
[Source "ChessBase"]
[SourceDate "2016.02.25"]
[SourceVersion "1"]
[SourceVersionDate "2016.02.25"]
[SourceQuality "1"]

1. d4 d5 2. Bf4 c6 3. c3 Nf6 4. Nf3 g6 5. Nbd2 Bg7 6. e3 0-0 7. h3 Nbd7 8. Bd3 c5 9. 0-0 b6 10. Ne5 Bb7 11. Bh2 Ne4 12. Nxd7 Qxd7 13. Nf3 f6 14. Qc2 Rac8 15. Rad1 Nd6 16. dxc5 bxc5 17. Bxd6 exd6 18. c4 Kh8 19. cxd5 Bxd5 20. Ba6 Bxf3 21. gxf3 Rc7 22. Qd3 Rd8 23. Kg2 d5 24. Bb5 Qe7 25. e4 d4 26. Rh1 Qe5 27. h4 Bf8 28. Bc4 Bd6 29. Qd2 Kg7 30. Rdg1 h5 31. Kf1 Qf4 32. Qe2 Be5 33. Kg2 d3 34. Qe3 Qxe3 35. fxe3 Bxb2 36. f4 d2 37. Kf3 Kh6 38. Rb1 Bc1 39. Rbxc1 dxc1Q 40. Rxc1 Rd2 41. e5 fxe5 42. fxe5 Rh2 43. Kg3 Rb2 44. e6 g5 45. hxg5+ Kxg5 46. Rd1 Rb4 47. Rc1 Rg7 48. Kf3 Kf6 49. Bd5 c4 50. e4 Ke5 51. Rh1 Rh7 52. Ke3 Ra4 53. Ra1 h4 54. Kd2 Kd6 55. Ke2 h3 56. Rd1 Ke5 57. Kd2 h2 58. Rh1 Kd6 59. Kc3 Rh3+ 60. Kb2 Rb4+ 61. Kc2 c3 62. Rd1 Rb2+ 63. Kc1 Rd2 64. Rh1 Ke7 65. Bb7 Rg3 0-1

[Event "RUS Cup final (Women)"]
[Site "Magnitogorsk"]
[Date "2011.11.14"]
[Round "1.5"]
[White "Stepovaia, Tatiana"]
[Black "Doluhanova, Evgeniya"]
[Result "0-1"]
[WhiteElo "2353"]
[BlackElo "2276"]
[PlyCount "68"]
[EventDate "2011.11.13"]
[EventType "k.o."]
[EventRounds "3"]
[EventCountry "RUS"]
[SourceTitle "EXT 2012"]
[Source "ChessBase"]
[SourceDate "2011.11.24"]
[SourceVersion "1"]
[SourceVersionDate "2011.11.24"]
[SourceQuality "1"]

1. e4 c5 2. d3 Nc6 3. f4 d5 4. Be2 dxe4 5. dxe4 Qxd1+ 6. Bxd1 e5 7. f5 Nf6 8. Nd2 Bd6 9. Ngf3 Bc7 10. c3 g6 11. fxg6 hxg6 12. 0-0 Nh5 13. Bb3 f6 14. Nc4 b5 15. Ne3 c4 16. Bc2 Be6 17. a4 b4 18. Nd5 Bb6+ 19. Nxb6 axb6 20. Be3 b3 21. Bd1 Rb8 22. Be2 Ke7 23. Nh4 Bf7 24. Bxh5 Rxh5 25. g3 Rhh8 26. Rad1 Rhd8 27. Rxd8 Nxd8 28. Rd1 Ne6 29. Rd5 Nc7 30. Rd1 Ne6 31. Ng2 Ra8 32. Bxb6 Rxa4 33. Ne3 Ng5 34. Bc5+ Ke8 0-1

[Event "RUS Cup final (Women)"]
[Site "Magnitogorsk"]
[Date "2011.11.13"]
[Round "1.1"]
[White "Stepovaia, Tatiana"]
[Black "Doluhanova, Evgeniya"]
[Result "1/2-1/2"]
[WhiteElo "2353"]
[BlackElo "2276"]
[PlyCount "157"]
[EventDate "2011.11.13"]
[EventType "k.o."]
[EventRounds "3"]
[EventCountry "RUS"]
[SourceTitle "EXT 2012"]
[Source "ChessBase"]
[SourceDate "2011.11.24"]
[SourceVersion "1"]
[SourceVersionDate "2011.11.24"]
[SourceQuality "1"]

1. e4 c5 2. Nf3 d6 3. d4 cxd4 4. Nxd4 Nf6 5. Nc3 a6 6. Be3 e5 7. Nf3 Be7 8. Bc4 0-0 9. 0-0 Nc6 10. Bg5 Be6 11. Bb3 Nd7 12. Bxe7 Qxe7 13. Nd5 Qd8 14. Qe2 Rc8 15. h3 Ne7 16. Rfd1 Bxd5 17. Bxd5 Nxd5 18. Rxd5 Qb6 19. c3 Nf6 20. Rd2 Qc6 21. Re1 Rfe8 22. Nh4 g6 23. Qf3 Re6 24. g3 Qc4 25. a3 Qa4 26. Qd3 Rc6 27. Ng2 b5 28. f3 Qa5 29. Ne3 Re8 30. Kg2 Kg7 31. Rf2 Qc7 32. Qd2 h6 33. h4 Qd8 34. Rd1 Qa8 35. g4 Rh8 36. Qd3 Nd7 37. Nd5 Nc5 38. Qe3 Qd8 39. Kg3 g5 40. h5 Ne6 41. Qa7 Qa8 42. Qxa8 Rxa8 43. Ne7 Rb6 44. Nf5+ Kf6 45. Nxh6 a5 46. Nf5 b4 47. axb4 axb4 48. Rxd6 Rxd6 49. Nxd6 Rd8 50. Rd2 bxc3 51. bxc3 Rb8 52. Nf5 Rb3 53. Ne3 Kg7 54. Nd5 Nf4 55. Kf2 Ne6 56. Ke3 Nc5 57. Ra2 Rb1 58. Ne7 Re1+ 59. Kd2 Rf1 60. Nf5+ Kf6 61. Ke2 Rc1 62. Ne3 Kg7 63. Nd5 Ne6 64. Ra7 Rc2+ 65. Ke3 Nf4 66. Nxf4 gxf4+ 67. Kd3 Rf2 68. g5 Rxf3+ 69. Kc4 Kf8 70. Kd5 Rxc3 71. Kxe5 f3 72. Ra2 Rc5+ 73. Kf4 f6 74. gxf6 Rxh5 75. e5 Kf7 76. Rf2 Ke6 77. Ra2 Rf5+ 78. Kg3 Kxe5 79. Ra5+ 1/2-1/2

[Event "RUS-ch (Women) 1st League 61st"]
[Site "Ivanovo"]
[Date "2011.03.01"]
[Round "9"]
[White "Bezgodova, Maria"]
[Black "Stepovaia, Tatiana"]
[Result "1-0"]
[WhiteElo "2190"]
[BlackElo "2389"]
[PlyCount "215"]
[EventDate "2011.02.21"]
[EventType "swiss"]
[EventRounds "9"]
[EventCountry "RUS"]
[SourceTitle "CBM 141 Extra"]
[Source "ChessBase"]
[SourceDate "2011.05.03"]
[SourceVersion "1"]
[SourceVersionDate "2011.05.03"]
[SourceQuality "1"]

1. e4 d6 2. d4 Nf6 3. Nc3 g6 4. Nf3 Bg7 5. Bc4 0-0 6. 0-0 c6 7. a4 d5 8. Bd3 dxe4 9. Nxe4 Nxe4 10. Bxe4 Bg4 11. c3 Nd7 12. Bg5 Nf6 13. Bd3 Qd5 14. Bf4 Nh5 15. Be3 Bxf3 16. Qxf3 Qxf3 17. gxf3 a5 18. Bc4 e6 19. Kg2 Rfe8 20. f4 Bf8 21. Kf3 Bd6 22. Rg1 Rac8 23. Rg5 Bc7 24. Rag1 Ng7 25. Rb1 f6 26. Rgg1 Bd6 27. Rgd1 Nf5 28. Ba2 Kf7 29. c4 c5 30. dxc5 Bxc5 31. Bxc5 Rxc5 32. b4 axb4 33. Rxb4 Re7 34. Rb5 Rc6 35. Kg2 Nd6 36. Rb4 Ne4 37. Rd3 Nc5 38. Rh3 h5 39. a5 Rd7 40. Ra3 Ke7 41. Bb1 f5 42. Re3 Na6 43. Rb5 Kf6 44. c5 Nxc5 45. Rc3 Rdc7 46. h4 Ne4 47. Rxc6 bxc6 48. Rb6 Ke7 49. a6 Kd6 50. Bd3 Nc5 51. Bc4 Nd7 52. Rb1 Nf6 53. Kf3 Nd5 54. Rb8 Rd7 55. Rg8 Kc5 56. Be2 Ne7 57. Rb8 Kd6 58. Bc4 Nd5 59. Rg8 Nb6 60. Be2 c5 61. Bb5 Rc7 62. Rd8+ Ke7 63. Rb8 Nc8 64. Rb7 Kd6 65. Be8 c4 66. Ke3 Rc5 67. Kd4 e5+ 68. fxe5+ Rxe5 69. Rd7+ Ke6 70. Rc7 Rd5+ 71. Ke3 Rd3+ 72. Ke2 Ne7 73. Rxc4 Rd8 74. Ba4 Ra8 75. Bb5 Kd6 76. Rc3 Ra7 77. Kf3 Ke5 78. Re3+ Kf6 79. Bc4 Rc7 80. Re6+ Kg7 81. Bf1 Nd5 82. Rd6 Rc3+ 83. Ke2 Nc7 84. Bg2 Nb5 85. Rd7+ Kh6 86. Rb7 Nd4+ 87. Kd2 Ra3 88. a7 Ra2+ 89. Kd3 Ne6 90. Kc3 Nc5 91. Rc7 Ne4+ 92. Bxe4 fxe4 93. Kd4 Ra4+ 94. Ke3 g5 95. Rc6+ Kg7 96. hxg5 Rxa7 97. Kxe4 Ra4+ 98. Ke3 Ra3+ 99. Ke2 Ra4 100. Rf6 h4 101. f4 h3 102. Kf3 h2 103. Rh6 Ra3+ 104. Kg4 Ra2 105. Kg3 Ra3+ 106. Kxh2 Rf3 107. Rf6 Ra3 108. Kg2 1-0

[Event "RUS-ch (Women) 1st League 61st"]
[Site "Ivanovo"]
[Date "2011.02.25"]
[Round "5"]
[White "Baraeva, Marina"]
[Black "Stepovaia, Tatiana"]
[Result "1/2-1/2"]
[WhiteElo "2152"]
[BlackElo "2389"]
[PlyCount "103"]
[EventDate "2011.02.21"]
[EventType "swiss"]
[EventRounds "9"]
[EventCountry "RUS"]
[SourceTitle "CBM 141 Extra"]
[Source "ChessBase"]
[SourceDate "2011.05.03"]
[SourceVersion "1"]
[SourceVersionDate "2011.05.03"]
[SourceQuality "1"]

1. d4 Nf6 2. c4 e6 3. g3 Bb4+ 4. Bd2 Be7 5. Bg2 d5 6. Nf3 c6 7. Qc2 0-0 8. 0-0 b6 9. e3 a5 10. b3 Ba6 11. Rc1 Nbd7 12. cxd5 cxd5 13. Qb2 Rc8 14. Nc3 b5 15. Bf1 Qb6 16. a4 b4 17. Nb5 Ne4 18. Be1 f6 19. Rxc8 Rxc8 20. Rc1 Rxc1 21. Qxc1 Kf7 22. Qc2 g6 23. h4 Nd6 24. Nxd6+ Bxd6 25. h5 Bxf1 26. Kxf1 Qa6+ 27. Kg1 Qb7 28. hxg6+ hxg6 29. Nh4 Nf8 30. f4 Kg8 31. Nf3 Be7 32. Kg2 Qd7 33. g4 Nh7 34. Nh4 Nf8 35. Nf3 Bd6 36. g5 fxg5 37. fxg5 Nh7 38. Bg3 Bxg3 39. Kxg3 Qe7 40. Kg4 e5 41. dxe5 Qd7+ 42. Kg3 Qe7 43. Kg4 Nf8 44. Qc6 Qd7+ 45. Qxd7 Nxd7 46. e6 Nc5 47. Nd4 Kf8 48. Kf4 Nd3+ 49. Kf3 Nc5 50. Kf4 Nd3+ 51. Kf3 Nc5 52. Kf4 1/2-1/2

[Event "RUS-ch (Women) 1st League 61st"]
[Site "Ivanovo"]
[Date "2011.02.24"]
[Round "4"]
[White "Stepovaia, Tatiana"]
[Black "Chudinovskikh, Zinaida"]
[Result "1-0"]
[WhiteElo "2389"]
[BlackElo "2105"]
[PlyCount "49"]
[EventDate "2011.02.21"]
[EventType "swiss"]
[EventRounds "9"]
[EventCountry "RUS"]
[SourceTitle "CBM 141 Extra"]
[Source "ChessBase"]
[SourceDate "2011.05.03"]
[SourceVersion "1"]
[SourceVersionDate "2011.05.03"]
[SourceQuality "1"]

1. e4 d5 2. exd5 Qxd5 3. d4 e5 4. Nf3 Bg4 5. Be2 exd4 6. 0-0 Nc6 7. Nxd4 Bxe2 8. Qxe2+ Nge7 9. Nxc6 Qxc6 10. Be3 0-0-0 11. Nc3 a6 12. Rad1 Nf5 13. Rxd8+ Kxd8 14. Qd3+ Nd6 15. b3 Be7 16. Nd5 f5 17. c4 Qd7 18. Nxe7 Kxe7 19. Bg5+ Ke8 20. f3 Qe6 21. Qd2 Kf8 22. Re1 Qf7 23. c5 Ne8 24. Qd8 g6 25. Bh6+ 1-0

[Event "Moscow op-F (Women)"]
[Site "Moscow"]
[Date "2011.02.02"]
[Round "5"]
[White "Stepovaia, Tatiana"]
[Black "Markelova, Lubov"]
[Result "1-0"]
[WhiteElo "2389"]
[BlackElo "2076"]
[PlyCount "91"]
[EventDate "2011.01.29"]
[EventType "swiss"]
[EventRounds "9"]
[EventCountry "RUS"]
[SourceTitle "CBM 140 Extra"]
[Source "ChessBase"]
[SourceDate "2011.03.01"]
[SourceVersion "1"]
[SourceVersionDate "2011.03.01"]
[SourceQuality "1"]

1. e4 c5 2. Nc3 Nc6 3. g3 g6 4. d3 Bg7 5. Be3 Qa5 6. Qd2 Nd4 7. Bg2 e6 8. f4 d6 9. Nf3 Ne7 10. 0-0 Nec6 11. Nh4 f5 12. a3 0-0 13. Rae1 Rb8 14. Qf2 b5 15. exf5 gxf5 16. Nd1 Bd7 17. c3 Nb3 18. Qc2 Qa4 19. Bf2 Ne7 20. Ne3 Kh8 21. Nf3 Na5 22. Qe2 h6 23. d4 Nb3 24. Nc2 Qc4 25. dxc5 Nxc5 26. Nd2 Qxe2 27. Rxe2 a5 28. Bd4 Nd3 29. Nf3 Nxb2 30. Bxg7+ Kxg7 31. Ncd4 Nc4 32. Nxe6+ Bxe6 33. Rxe6 Nd5 34. Nd4 Nde3 35. Re1 Nxg2 36. Kxg2 Nxa3 37. Rxd6 Rf6 38. Re7+ Kg6 39. Rdd7 a4 40. Kh3 Rg8 41. Kh4 Rb6 42. Re5 Rf8 43. Ra7 Rff6 44. Ree7 Rf8 45. Rg7+ Kf6 46. Kh5 1-0

[Event "Bykova Memorial op (Women)"]
[Site "Suzdal"]
[Date "2010.12.22"]
[Round "8"]
[White "Stepovaia, Tatiana"]
[Black "Baraeva, Irina"]
[Result "1/2-1/2"]
[WhiteElo "2375"]
[BlackElo "2157"]
[PlyCount "90"]
[EventDate "2010.12.15"]
[EventType "swiss"]
[EventRounds "9"]
[EventCountry "RUS"]
[SourceTitle "CBM 140 Extra"]
[Source "ChessBase"]
[SourceDate "2011.03.01"]
[SourceVersion "1"]
[SourceVersionDate "2011.03.01"]
[SourceQuality "1"]

1. e4 c5 2. Nf3 a6 3. c3 d5 4. exd5 Qxd5 5. d4 Nf6 6. Be2 e6 7. 0-0 Nc6 8. Bf4 Be7 9. Ne5 Nxe5 10. Bxe5 0-0 11. Nd2 cxd4 12. cxd4 Bd7 13. Bf3 Qb5 14. b3 Bc6 15. Bxc6 Qxc6 16. Rc1 Qd5 17. Nc4 Nd7 18. Qg4 Nxe5 19. dxe5 Rad8 20. Rfd1 Qb5 21. h4 Qb4 22. Qg3 b5 23. Nd6 Bxh4 24. Qe3 Be7 25. Rc6 Qa3 26. Qe2 Rd7 27. Rd3 Qa5 28. Nf5 Qd8 29. Nxe7+ Qxe7 30. Rxd7 Qxd7 31. Rxa6 Rc8 32. Rd6 Qe7 33. Qd2 h6 34. g3 Qc7 35. Kh2 Qc5 36. Qf4 Qc2 37. Rd2 Qg6 38. Kg2 Rc2 39. Rd8+ Kh7 40. a4 bxa4 41. bxa4 Re2 42. Rd7 Qe4+ 43. Qxe4+ Rxe4 44. Ra7 Rxe5 45. Rxf7 Re2 1/2-1/2

[Event "Bykova Memorial op (Women)"]
[Site "Suzdal"]
[Date "2010.12.17"]
[Round "3"]
[White "Nechaeva, Marina"]
[Black "Stepovaia, Tatiana"]
[Result "0-1"]
[WhiteElo "2411"]
[BlackElo "2375"]
[PlyCount "96"]
[EventDate "2010.12.15"]
[EventType "swiss"]
[EventRounds "9"]
[EventCountry "RUS"]
[SourceTitle "CBM 140 Extra"]
[Source "ChessBase"]
[SourceDate "2011.03.01"]
[SourceVersion "1"]
[SourceVersionDate "2011.03.01"]
[SourceQuality "1"]

1. d4 e6 2. c4 f5 3. Nc3 Nf6 4. e3 b6 5. Bd3 Bb7 6. f3 Bb4 7. Nge2 0-0 8. Qc2 c5 9. a3 Bxc3+ 10. Qxc3 a5 11. Bd2 d6 12. 0-0 Qe7 13. b4 axb4 14. axb4 Nc6 15. Qb2 cxb4 16. Bxb4 Nxb4 17. Qxb4 Nd7 18. Rae1 Rf6 19. Nc3 Rh6 20. Rf2 Rf8 21. Na4 Bc6 22. Nc3 e5 23. d5 Bb7 24. Bc2 Ba6 25. Ra1 Nc5 26. Qxb6 Bxc4 27. Qb4 Bd3 28. Rd1 Bxc2 29. Rxc2 Qg5 30. Re2 Qh5 31. h3 e4 32. Rf1 exf3 33. Rxf3 Rg6 34. Kh2 Nd3 35. Qd4 Ne5 36. Rg3 Rc8 37. Rxg6 hxg6 38. Ra2 Rc4 39. Qd2 Rh4 40. Qe2 Qg5 41. Nb5 Rb4 42. Ra8+ Kh7 43. Nxd6 Ng4+ 44. Kg3 Nxe3+ 45. Kh2 Qf4+ 46. g3 Qxd6 47. Qxe3 Rb2+ 48. Kg1 Qxd5 0-1

[Event "Bykova Memorial op (Women)"]
[Site "Suzdal"]
[Date "2010.12.15"]
[Round "1"]
[White "Baraeva, Marina"]
[Black "Stepovaia, Tatiana"]
[Result "0-1"]
[WhiteElo "2126"]
[BlackElo "2375"]
[PlyCount "138"]
[EventDate "2010.12.15"]
[EventType "swiss"]
[EventRounds "9"]
[EventCountry "RUS"]
[SourceTitle "CBM 140 Extra"]
[Source "ChessBase"]
[SourceDate "2011.03.01"]
[SourceVersion "1"]
[SourceVersionDate "2011.03.01"]
[SourceQuality "1"]

1. d4 d5 2. c4 e6 3. Nf3 c6 4. cxd5 exd5 5. Qc2 Nf6 6. Bg5 Be7 7. Nc3 0-0 8. e3 h6 9. Bh4 Ne4 10. Bxe7 Qxe7 11. Bd3 Nd6 12. 0-0 Nd7 13. b4 Nf6 14. a4 Bd7 15. b5 Rfc8 16. bxc6 Bxc6 17. Rfc1 Qe6 18. Qb3 Nc4 19. Ne2 Nd6 20. Nf4 Qe7 21. Ne5 g5 22. Ne2 Nfe4 23. Nc3 Nf6 24. Na2 Be8 25. Nc3 Qe6 26. Nb5 Bxb5 27. axb5 Rxc1+ 28. Rxc1 Rc8 29. Ra1 Nde4 30. f3 Nd2 31. Qb4 Nc4 32. Bxc4 dxc4 33. e4 Qb6 34. Rd1 c3 35. Rc1 a5 36. Qa4 Qd6 37. Kf1 Qb4 38. Qa2 Rc7 39. b6 Qb5+ 40. Kf2 Qxb6 41. Ke3 Qb4 42. Nd3 Qb5 43. Ne5 Qb2 44. Qxb2 cxb2 45. Rb1 Rc2 46. Nd3 Rxg2 47. Nf2 b5 48. Rxb2 Ne8 49. Rxb5 Nd6 50. Rd5 Nc4+ 51. Ke2 Rg1 52. Nd1 a4 53. Rc5 Nb2 54. Nxb2 Rg2+ 55. Kd3 Rxb2 56. Ra5 Rb3+ 57. Ke2 a3 58. d5 f6 59. Ra7 Kf8 60. h3 h5 61. Kf2 h4 62. Ke2 Ke8 63. Kf2 Kd8 64. Rf7 Kc8 65. Rxf6 Kb7 66. Rf7+ Ka6 67. Rf6+ Ka7 68. d6 a2 69. d7 a1Q 0-1

[Event "RUS Cup final (Women)"]
[Site "Belgorod"]
[Date "2010.11.10"]
[Round "2.2"]
[White "Stepovaia, Tatiana"]
[Black "Kovanova, Baira"]
[Result "1/2-1/2"]
[WhiteElo "2385"]
[BlackElo "2380"]
[PlyCount "129"]
[EventDate "2010.11.07"]
[EventType "k.o."]
[EventRounds "3"]
[EventCountry "RUS"]
[SourceTitle "EXT 2011"]
[Source "ChessBase"]
[SourceDate "2010.11.26"]
[SourceVersion "1"]
[SourceVersionDate "2010.11.26"]
[SourceQuality "1"]

1. e4 e5 2. d4 exd4 3. Qxd4 Nc6 4. Qe3 Nf6 5. Nc3 Bb4 6. Bd2 0-0 7. 0-0-0 Re8 8. Qg3 Rxe4 9. a3 Ba5 10. Bg5 Bxc3 11. Qxc3 h6 12. f3 Re8 13. Bxf6 Qxf6 14. Qxf6 gxf6 15. Ne2 d6 16. Nf4 Be6 17. Nh5 Re7 18. Nxf6+ Kg7 19. Nh5+ Kf8 20. Bd3 Rd8 21. Rhe1 Ne5 22. h3 f5 23. Bf1 Bf7 24. Ng3 Bg6 25. f4 Nc6 26. Bd3 Rxe1 27. Rxe1 Ne7 28. Ne2 c5 29. g4 Kf7 30. Ng3 Kf6 31. g5+ Kf7 32. h4 hxg5 33. h5 gxf4 34. hxg6+ Nxg6 35. Nxf5 Kf6 36. Nh6 Ne5 37. Rg1 c4 38. Bf1 Rh8 39. Ng4+ Kf5 40. Nf2 f3 41. Kd2 Kf4 42. Nh3+ Ke4 43. Rg7 b5 44. Rxa7 Rh5 45. Rg7 d5 46. Rb7 Ng4 47. Rxb5 Ne3 48. Bd3+ cxd3 49. cxd3+ Kd4 50. Rb4+ Nc4+ 51. dxc4 dxc4 52. b3 Rxh3 53. Rxc4+ Kd5 54. Rb4 f2 55. Ke2 Rf3 56. Kf1 Rf7 57. a4 Kc5 58. Rb8 Kc6 59. a5 Kc7 60. Rb6 Rf3 61. b4 Rf4 62. b5 Rf5 63. Rc6+ Kb8 64. Rc2 Rxb5 65. Rxf2 1/2-1/2

[Event "RUS Cup final (Women)"]
[Site "Belgorod"]
[Date "2010.11.08"]
[Round "1.2"]
[White "Kindinova, Ekaterina"]
[Black "Stepovaia, Tatiana"]
[Result "1-0"]
[WhiteElo "2151"]
[BlackElo "2385"]
[PlyCount "103"]
[EventDate "2010.11.07"]
[EventType "k.o."]
[EventRounds "3"]
[EventCountry "RUS"]
[SourceTitle "EXT 2011"]
[Source "ChessBase"]
[SourceDate "2010.11.26"]
[SourceVersion "1"]
[SourceVersionDate "2010.11.26"]
[SourceQuality "1"]

1. e4 c5 2. Nf3 e6 3. d4 cxd4 4. Nxd4 Nf6 5. Bd3 Nc6 6. Nxc6 bxc6 7. 0-0 d5 8. e5 Nd7 9. Re1 g6 10. Qg4 Bg7 11. f4 0-0 12. Nd2 Rb8 13. Nf3 c5 14. c3 Rb6 15. Kh1 a5 16. b3 f5 17. Qg3 Ba6 18. Bc2 Re8 19. Be3 Qe7 20. Rad1 Rc6 21. h4 c4 22. Bd4 Rec8 23. Re3 Qa3 24. Rd2 Nc5 25. Bxc5 Rxc5 26. Nd4 cxb3 27. Bxb3 a4 28. Bc2 Rxc3 29. Rxc3 Rxc3 30. Qg5 Rc8 31. h5 Re8 32. hxg6 h6 33. Qh4 Qb4 34. Rd1 a3 35. g4 fxg4 36. Qxg4 Bc8 37. Bb3 Qc5 38. Qg3 Kh8 39. Qe3 Qe7 40. Rd2 Rf8 41. Rh2 Re8 42. Rd2 Rf8 43. Rh2 Bb7 44. Rh5 Kg8 45. Kh2 Qc5 46. Kg3 Rc8 47. Kf2 Qe7 48. Bd1 Rc4 49. Bb3 Rc7 50. f5 exf5 51. Nxf5 Qe6 52. Nxh6+ 1-0

[Event "RUS Cup final (Women)"]
[Site "Belgorod"]
[Date "2010.11.08"]
[Round "1.4"]
[White "Stepovaia, Tatiana"]
[Black "Kindinova, Ekaterina"]
[Result "1-0"]
[WhiteElo "2385"]
[BlackElo "2151"]
[PlyCount "107"]
[EventDate "2010.11.07"]
[EventType "k.o."]
[EventRounds "3"]
[EventCountry "RUS"]
[SourceTitle "EXT 2011"]
[Source "ChessBase"]
[SourceDate "2010.11.26"]
[SourceVersion "1"]
[SourceVersionDate "2010.11.26"]
[SourceQuality "1"]

1. e4 c5 2. d3 Nc6 3. f4 e6 4. Nf3 d6 5. g3 b6 6. Bg2 Bb7 7. 0-0 Qc7 8. c3 Nf6 9. Re1 Be7 10. a4 d5 11. Na3 a6 12. e5 Nd7 13. Nc2 h6 14. Be3 0-0-0 15. Rb1 Rdg8 16. b4 g5 17. b5 axb5 18. Rxb5 gxf4 19. Bxf4 h5 20. h4 Na5 21. Rb2 Qc6 22. Na3 Nf8 23. Nb5 Kb8 24. Nd6 Bxd6 25. exd6 Nd7 26. Ne5 Nxe5 27. Bxe5 Rh6 28. c4 Ka7 29. Rf2 Qd7 30. Bf4 Rhg6 31. cxd5 Rxg3 32. Bxg3 Rxg3 33. dxe6 fxe6 34. Qxh5 Qxd6 35. Qe2 Nb3 36. Kf1 Nd4 37. Qe5 Bxg2+ 38. Rxg2 Rf3+ 39. Kg1 Qxe5 40. Rxe5 Rh3 41. Re4 Nf3+ 42. Kf2 Nd4 43. Rg3 Rh2+ 44. Kg1 Ra2 45. h5 Ne2+ 46. Rxe2 Rxe2 47. h6 Re5 48. Kg2 Rh5 49. Rh3 Rg5+ 50. Kf3 Rg8 51. h7 Rh8 52. Kf4 Ka6 53. Ke5 Ka5 54. Rh4 1-0

[Event "RUS Cup final (Women)"]
[Site "Belgorod"]
[Date "2010.11.07"]
[Round "1.1"]
[White "Stepovaia, Tatiana"]
[Black "Kindinova, Ekaterina"]
[Result "1-0"]
[WhiteElo "2385"]
[BlackElo "2151"]
[PlyCount "91"]
[EventDate "2010.11.07"]
[EventType "k.o."]
[EventRounds "3"]
[EventCountry "RUS"]
[SourceTitle "EXT 2011"]
[Source "ChessBase"]
[SourceDate "2010.11.26"]
[SourceVersion "1"]
[SourceVersionDate "2010.11.26"]
[SourceQuality "1"]

1. e4 c5 2. Nc3 e6 3. g3 Nc6 4. Bg2 g6 5. d3 Bg7 6. Be3 d6 7. Qd2 Rb8 8. Nf3 Nd4 9. Bxd4 cxd4 10. Nb5 a6 11. Nbxd4 Ne7 12. c3 0-0 13. 0-0 b5 14. Ne2 Bb7 15. a4 Nc6 16. axb5 axb5 17. b4 Qc7 18. d4 Ne7 19. Nh4 Nc8 20. f4 Nb6 21. e5 Nc4 22. Qc1 dxe5 23. fxe5 Qb6 24. Bxb7 Rxb7 25. Rf2 Rd7 26. Nf3 f6 27. exf6 Bxf6 28. Qh6 Rdf7 29. Raf1 Nd6 30. Qe3 Nc4 31. Qd3 e5 32. dxe5 Bxe5 33. Nfd4 Rxf2 34. Rxf2 Rxf2 35. Kxf2 Qf6+ 36. Qf3 Qe7 37. Qd5+ Kg7 38. Nxb5 Qf6+ 39. Qf3 Qb6+ 40. Nbd4 Nd6 41. Qd5 Nf7 42. Kg2 Qa6 43. b5 Qa1 44. Ne6+ Kf6 45. Nd8 Ng5 46. h4 1-0

[Event "Krasnodar Region-ch (Women)"]
[Site "Krasnodar"]
[Date "2010.10.17"]
[Round "2"]
[White "Khokhlova, Ekaterina"]
[Black "Stepovaia, Tatiana"]
[Result "0-1"]
[WhiteElo "1932"]
[BlackElo "2375"]
[PlyCount "118"]
[EventDate "2010.10.16"]
[EventType "swiss"]
[EventRounds "9"]
[EventCountry "RUS"]
[SourceTitle "EXT 2022"]
[Source "ChessBase"]
[SourceDate "2021.10.06"]
[SourceVersion "1"]
[SourceVersionDate "2021.10.06"]
[SourceQuality "1"]

1. e4 c5 2. Nf3 d6 3. Bb5+ Nd7 4. 0-0 a6 5. Bxd7+ Qxd7 6. Re1 g6 7. d4 Bg7 8. c4 Qc7 9. d5 Bg4 10. Nc3 Nf6 11. h3 Bxf3 12. Qxf3 0-0 13. a4 Nd7 14. b3 f5 15. Bd2 Ne5 16. Qg3 Rf7 17. Rab1 Raf8 18. Ne2 Qc8 19. Nf4 fxe4 20. Ne6 Nd3 21. Rxe4 Nxf2 22. Re2 Bd4 23. Kh2 Be5 24. Rxe5 dxe5 25. Nxf8 Ne4 26. Qd3 Nxd2 27. Qxd2 Rxf8 28. Qe3 Qc7 29. Kg1 Rf4 30. Re1 e4 31. Rf1 Rxf1+ 32. Kxf1 Qb6 33. Kg1 Kf8 34. a5 Qxa5 35. Qxe4 Qa1+ 36. Kh2 Qf6 37. Qe3 b6 38. Qh6+ Kg8 39. Qe3 Kg7 40. Kh1 h6 41. Kh2 g5 42. g3 Kf7 43. Kg2 Ke8 44. g4 Kd7 45. Kh1 Kd6 46. Qd3 Kc7 47. Qg3+ Qd6 48. Qd3 b5 49. cxb5 axb5 50. Qxb5 Qxd5+ 51. Kg1 Qd4+ 52. Kg2 Qd5+ 53. Kg1 Qc6 54. Qe2 Qd6 55. Qf3 Kb6 56. Qa8 Qg3+ 57. Kh1 Qxh3+ 58. Kg1 Qxg4+ 59. Kf1 Qd1+ 0-1